Primate ecology and conservation : (Registro nro. 8811)
[ vista simple ]
| 000 -CABECERA | |
|---|---|
| Campo de control | 01045nam a22002897a 4500 |
| 005 - FECHA Y HORA DE LA ULTIMA TRANSACCION | |
| Campo de control | 20150209133251.0 |
| 008 - ELEMENTOS DE LONGITUD FIJA—INFORMACION GENERAL | |
| Campo de control | 130726s2013 enka b 001 0 eng d |
| 020 ## - ISBN | |
| ISBN | 9780199659456 (pbk.) |
| 020 ## - ISBN | |
| ISBN | 9780199659449(Hbk.) |
| 040 ## - FUENTE DE CATALOGACIÓN | |
| Agencia catalogadora original | UKMGB |
| Agencia transcriptora | UKMGB |
| Agencia Modificadora | OCLCO |
| -- | YDXCP |
| -- | CDX |
| -- | UAT |
| -- | BWX |
| -- | OKU |
| -- | DLC |
| -- | CO-BoIH |
| 041 ## - IDIOMA | |
| Código de idioma para texto/pista de sonido o título separado | Inglés |
| 082 04 - NUMERO DE CLASIFICACION DECIMAL DEWEY | |
| Número de clasificación | 599.8 |
| Número del ítem | S83p |
| 245 00 - MENCION DE TITULO | |
| Título | Primate ecology and conservation : |
| Parte restante del título | a handbook of techniques / |
| Mención de responsabilidad | editado por Eleanor J. Sterling, Nora Bynum y Mary E. Blair. |
| 250 ## - MENCION DE EDICION | |
| Mención de edición | 1a. |
| 260 ## - PUBLICACION, DISTRIBUCION, ETC. (PIE DE IMPRENTA) | |
| Lugar de publicación, distribución, etc. | Oxford : |
| Nombre del editor, distribuidor, etc. | Oxford University Press, |
| Fecha de publicación, distribución, etc. | 2013. |
| 300 ## - DESCRIPCION FISICA | |
| Extensión | 425 p. : |
| Otros detalles físicos | il. ; |
| Dimensiones | 24 cm. |
| 490 ## - MENCION DE SERIE | |
| Mención de serie | Techniques in ecology and conservation series |
| 504 ## - NOTA DE BIBLIOGRAFIA, ETC. | |
| Nota de bibliografía | Incluye referencias bibliográfics (pag. 351-418) e índice. |
| 650 10 - ASIENTO SECUNDARIO DE MATERIA - TERMINO TEMATICO | |
| Término temático o nombre geográfico como elemento de entrada | Primates |
| Subdivisión general | Ecology. |
| 650 10 - ASIENTO SECUNDARIO DE MATERIA - TERMINO TEMATICO | |
| Término temático o nombre geográfico como elemento de entrada | Primates |
| Subdivisión general | ecología. |
| 650 10 - ASIENTO SECUNDARIO DE MATERIA - TERMINO TEMATICO | |
| Término temático o nombre geográfico como elemento de entrada | Primates |
| Subdivisión general | conservación. |
| 700 1# - ASIENTO SECUNDARIO - NOMBRE PERSONAL | |
| Nombre personal | Sterling, Eleanor J. |
| Término de relación | ed. |
| 700 1# - ASIENTO SECUNDARIO - NOMBRE PERSONAL | |
| Nombre personal | Bynum, Nora. |
| Término de relación | ed. |
| 700 1# - ASIENTO SECUNDARIO - NOMBRE PERSONAL | |
| Nombre personal | Blair, Mary E. |
| Término de relación | ed. |
| 942 ## - ELEMENTOS ADICIONALES (KOHA) | |
| Sistema de clasificación | Dewey Decimal Classification |
| Tipo de ítem | Libro |
| 945 ## - PROCESAMIENTO LOCAL | |
| Código del digitador | NLA |
| Withdrawn status | Lost status | Sistema de Clasificación | Damaged status | No para préstamo | Colección | Inventariado | Ubicación Permanente | Ubicación actual | Fecha de adquisición | Fuente de Valor | Valor | Total Checkouts | Número topográfico | Inventario / Código de Barras | Date last seen | Ejemplar | Price effective from | Forma de adquisición | Tipo de material |
|---|---|---|---|---|---|---|---|---|---|---|---|---|---|---|---|---|---|---|---|
| Dewey Decimal Classification | General | Inventariado 2017 | Bogotá | Bogotá | 21/11/2014 | Instituto | 39000.00 | LB-599.8 S83p | 038438 | 21/11/2014 | Ej. 1 | 21/11/2014 | Libro |